Best Soccer Players 2024 top 100 Male - Statistics

General Stats
  • This quiz has been taken 593 times
  • The average score is 32 of 100
Answer Stats
Hint Answer % Correct
Easy Lionel Messi
94%
Easy Cristiano Ronaldo
92%
Easy Kylian Mbappe
89%
Easy Erling Haaland
86%
Easy Vini jr
85%
Easy Lamine Yamal
75%
Easy Rodri
75%
Easy Jude Bellingham
71%
Easy Mo Salah
70%
Easy Harry Kane
66%
Easy Kevin De Bruyne
61%
Easy Virgil van Dijk
60%
Easy Pedri
55%
Easy Alisson
54%
Easy Lautaro Martinez
54%
Easy Thibaut Courtois
54%
Easy Cole Palmer
52%
Easy Phil Foden
52%
Easy Ruben Dias
52%
Easy Bukayo Saka
51%
Easy Emiliano Martinez
51%
Easy Luka Modric
51%
Easy Ederson
49%
Easy Luis Diaz
49%
Easy Jamal Musiala
47%
Easy Dani Carvajal
46%
Easy Antonio Rudiger
45%
Easy Toni Kroos
44%
Easy Florian Wirtz
43%
Easy Bernardo Silva
42%
Easy Son
40%
Easy Declan Rice
39%
Easy Trent Alexander Arnold
39%
Easy Fede Valverde
38%
Easy Antoine Griezman
36%
Easy Martin Odegaard
35%
Easy William Saliba
35%
Easy Nico Williams
34%
Easy Rafael Leao
34%
Easy Eduardo Camavinga
33%
Easy Joshua Kimmich
33%
Easy Alexis Macallister
31%
Easy Achraf Hakimi
29%
Easy Alexander Isak
29%
Easy Kyle Walker
29%
Easy Vitinha
29%
Medium Alessandro Bastoni
27%
Easy Khvicha Kvaratskhelia
27%
Easy Bruno Fernandez
26%
Easy Cody Gakpo
26%
Easy Gabriel
26%
Medium Nicolo Barella
26%
Easy Jeremie Frimpong
25%
Easy Kai Havertz
25%
Easy Victor Osimhen
25%
Easy Alex Grimaldo
24%
Easy Dani Olmo
24%
Easy Josko Gvardiol
24%
Easy Marcus Thuram
24%
Medium Bradley Barcola
23%
Easy Michael Olise
23%
Easy Christian Pulisic
21%
Easy David Raya
21%
Easy Federico Dimarco
20%
Easy Granit Xhaka
20%
Medium Viktor Gyokeres
20%
Easy Alvora Morata
19%
Hard Pau Cubarsi
19%
Medium Jonathan Tah
18%
Easy Angel DI Maria
17%
Medium Fabian Ruiz
17%
Medium Unai Simon
17%
Easy Mike Maignan
16%
Easy Dusan Vlahovic
15%
Easy Mats Hummels
15%
Easy Omar Marmoush
15%
Easy Ademola Lookman
14%
Medium Hakan Calhanoglu
14%
Unexpected James Rodriguez
14%
Easy Robert Lewandoski
14%
Easy Rodrigo
14%
Medium Serhou Guirassy
14%
Medium Victor Bonniface
14%
Medium Andriy Lunin
13%
Medium Gregory Kobel
13%
Easy Savinho
12%
Easy Cristian Romero
11%
Easy Jonathan David
10%
Easy Raphinia
10%
Easy Xavi Simons
9%
Hard Artem Dovbyk
8%
Medium Marcel Sabitzer
7%
Unexpected Alexander Mitrovic
5%
Medium Giorgi Mamardashvili
4%
Easy Julian Alverez
2%
Medium Julian Brant
1%
Easy Marc Cucarella
1%
Easy Riccardo Califiori
1%
Easy Jules Konde
0%
Easy Ollie Waktins
0%
No matching quizzes found
Score Distribution
Percent of People with Each Score
Percentile by Number Answered
Your Score History
You have not taken this quiz